Drumming Song Lyrics (Florence + the Machine) - Statistics

General Stats
  • This quiz has been taken 193 times
  • The average score is 342 of 385
Answer Stats
Lyrics % Correct
a
100%
I
100%
the
100%
an
99%
it
99%
my
99%
you
99%
and
98%
drum
98%
hear
98%
in
98%
when
98%
your
98%
drumming
97%
head
97%
to
97%
inside
96%
loud
96%
sound
96%
There's
96%
there's
96%
there's
96%
around
95%
than
95%
than
95%
hell
94%
louder
94%
noise
94%
you're
94%
bells
93%
heaven
93%
hotter
92%
makes
92%
sirens
92%
sweeter
92%
that
92%
me
91%
such
91%
could
90%
starts
90%
can
89%
almighty
88%
ear
88%
swear
88%
ground
85%
beat
82%
body
81%
as
80%
towards
80%
should
79%
clear
77%
mind
77%
church
76%
gets
76%
fills
75%
move
75%
feet
74%
this
74%
but
73%
they
73%
beating
72%
water
72%
where
72%
left
71%
ringing
71%
up
71%
would
71%
couldn't
70%
feel
70%
out
70%
ran
70%
throws
70%
river
69%
hoped
68%
still
68%
nothing
67%
tower
67%
pray
66%
chime
65%
mouth
65%
will
65%
drum's
64%
echoes
62%
soul
62%
wash
61%
dive
60%
drown
60%
begun
59%
just
58%
straight
57%
til'
57%
run
56%
has
55%
whole
55%
I'm
50%
swallow
50%
empty
49%
din
33%
voice
23%
No matching quizzes found
Score Distribution
Percent of People with Each Score
Percentile by Number Answered
Your Score History
You have not taken this quiz